000 00682nam a2200229Ia 4500
001 12613
003 GE_BSU
008 181216s||||||||xx |||||||||||||| ||und||
040 _cGE_BSU
080 _a634.1
100 _aЛаврик,П.И. Рыбицкий,Н.А.
245 _aПлодовый и ягодный сад.
245 _bНастольная книга садовода
245 _cРед.М.М.Казанский
260 _aЛенинград
260 _bЛениздат
260 _c1955
300 _a275стр.21см.
300 _eТаблицы.Приложенияс.265
653 _aПлодовый и ягодный сад.
942 _cBK
999 _c45785
_d45785